Т. 46, № 5; Теоретические основы химической технологии

Bibliografiset tiedot
Parent link:Теоретические основы химической технологии/ Российская академия наук (РАН), Институт общей и неорганической химии им. Н. С. Курнакова (ИОНХ). Т. 46, № 5.— , 1967-
Kieli:venäjä
Julkaistu: 2012
Aineistotyyppi: MixedMaterials Kirja
KOHA link:https://koha.lib.tpu.ru/cgi-bin/koha/opac-detail.pl?biblionumber=491382

MARC

LEADER 00000nam2a2200000 4500
001 491382
005 20231101095930.0
035 |a (RuTPU)RU\TPU\prd\160346 
090 |a 491382 
100 |a 20121126a19679999k y0rusy50 ca 
101 0 |a rus 
102 |a RU 
200 0 |a Т. 46, № 5 
210 |d 2012 
461 1 |0 (RuTPU)RU\TPU\prd\375  |t Теоретические основы химической технологии  |f Российская академия наук (РАН), Институт общей и неорганической химии им. Н. С. Курнакова (ИОНХ)  |v Т. 46, № 5  |d 1967- 
801 0 |a RU  |b 63413507  |c 20010227  |g PSBO 
801 1 |a RU  |b 63413507  |c 20121126 
801 2 |a RU  |b 63413507  |c 20210201  |g RCR 
942 |c BK 
999 |a НТБ_ТПУ  |b НФ  |e -1/20120110  |p П-7712  |s 2/20120425  |u 0,00  |v 1